David, biografía de un rey / (Registro nro. 13511)

Detalles MARC
000 -LIDER
fixed length control field 01020nam a2200289 a 4500
001 - NÚMERO DE CONTROL
Identificador de número de control
003 - IDENTIFICACDOR DE NÚMERO DE CONTROL
control field OSt
005 - DATE AND TIME OF LATEST TRANSACTION
control field 20210518114603.0
008 - ELEMENTOS DE LONGITUD FIJA
fixed length control field 091204s2020 dr 000 f spa d
020 ## - ISBN
International Standard Book Number 9789945503753
040 ## - FUENTE DE CATALOGACIÓN
Agencia que crea de manera original el registro BPMSU
Idioma de catalogación spa
Agencia que realiza la transcripción BPMSU
082 ## - NÚMERO DE CLASIFICACIÓN DECIMAL DE DEWEY
Classification number 221.924 92
Item number D249B 2020
Edition number 22
100 ## - ASIENTO PRINCIPAL -- NOMBRE PERSONAL
Nombre personal Bosch, Juan,
Fechas asociadas con el nombre 1909-2001
9 (RLIN) 1
245 13 - MENCIÓN DE TITULO
Título David, biografía de un rey /
Mención de responsabilidad Juan Bosch ; prólogo de Eduardo Selman Hasbúm
260 ## - PUBLICACIÓN, DISTRIBUCIÓN, ETC. (PIE DE IMPRENTA)
Lugar de publicación, distribución, etc Santo Domingo :
Nombre del editor, distribuidor, etc. Ministerio de Cultura;
-- Editora Nacional,
Fecha de publicación, distribución, etc 2020
300 ## - DESCRIPCIÓN FÍSICA
Extensión 295 p. ;
Dimensiones 20 cm.
490 0# - MENCIÓN DE SERIES
Mención de serie Biblioteca Dominicana Básica ;
-- Ensayo,
Volume/sequential designation 22
500 ## - NOTA GENERAL
Materiales especificados Incluye datos biográficos del autor en la solapa de la cubierta
590 ## - NOTA LOCAL
Texto de la nota local Inventariado, 2020/VM
600 ## - ENCABEZAMIENTO DE MATERIA--NOMBRE PERSONAL
Nombre personal David,
Títulos u otras palabras asociadas con el nombre Rey de Israel,
Fechas asociadas con el nombre 1040-968 a de J. C.
700 1# - ASIENTO SECUNDARIO -- NOMBRE PERSONAL
Nombre personal Selman Hasbún, Eduardo
Mención de responsabilidad pról.
700 1# - ASIENTO SECUNDARIO -- NOMBRE PERSONAL
Nombre personal Vicente, María del Carmen
Mención de responsabilidad ed.
700 1# - ASIENTO SECUNDARIO -- NOMBRE PERSONAL
Nombre personal Dobarro,Clara
Mención de responsabilidad ed.
710 2# - ASIENTO SECUNDARIO -- NOMBRE CORPORATIVO
Nombre corporativo o de jurisdicción Ministerio de Cultura (República Dominicana)
910 ## - VALIDACIÓN
Validación VMateo
942 ## - ADDED ENTRY ELEMENTS (KOHA)
Source of classification or shelving scheme Dewey Decimal Classification
Koha item type Libros
Existencias
Withdrawn status Lost status Source of classification or shelving scheme Damaged status Not for loan Collection code Home library Current library Date acquired Source of acquisition Full call number Barcode Date last seen Price effective from Koha item type Copy number
    Dewey Decimal Classification     Colección Dominicana Biblioteca Pública Metropolitana Salomé Ureña Biblioteca Pública Metropolitana Salomé Ureña 05/18/2021 Editora Nacional BPMSU CD 221.92 D249B 2020 BPMSU21050116 05/18/2021 05/18/2021 Libros  
    Dewey Decimal Classification     Colección Dominicana Biblioteca Pública Metropolitana Salomé Ureña Biblioteca Pública Metropolitana Salomé Ureña 05/18/2021 Editora Nacional BPMSU CD 221.92 D249B 2020 BPMSU21050117 05/18/2021 05/18/2021 Libros e.2
    Dewey Decimal Classification     Colección Dominicana Biblioteca Pública Metropolitana Salomé Ureña Biblioteca Pública Metropolitana Salomé Ureña 05/18/2021 Editora Nacional BPMSU CD 221.92 D249B 2020 BPMSU21050118 05/18/2021 05/18/2021 Libros e.3